000 01122aam a2200325 i 4500
001 69061
003 Mx-PuUPA
005 20220302080946.0
008 200506s2016 mx ||||gr|||| 00| f spa d
020 _a9786073148450
040 _aMx-PuUPA
_bspa
_cMx-PuUPA
_dMx-PuUPA
_erda
041 0 _aspa
100 1 _aMontero, Rosa,
_d1951-
_eautor
_911063
245 1 3 _aLa carne /
_cRosa Montero
250 _aPrimera edición
264 1 _aCiudad de México :
_bPenguin Random House Grupo Editorial,
_c2016
_c©2017
300 _a236 páginas ;
_c24 cm
336 _2rdacontent
_atexto
_btxt
337 _2rdamedia
_asin medio
_bn
338 _2rdacarrier
_avolumen
_bnc
490 1 _aNarrativa hispánica (Alfaguara (Firm))
500 _aPublicado en diferentes reimpresiones.
650 4 _aRelaciones de pareja
_vNovela
650 4 _aRelaciones humanas
_vNovela
830 0 _911605
_aNarrativa hispánica (Alfaguara (Firm))
942 _2ddc
_cLI
_h863.71
_iM734
999 _c69061
_d69061